000 00241nam a22000977a 4500
003 SGT
245 _aJournal of the Indian Association of Public Health Dentistry (JIAPHD)
260 _c2011,2013-2014
300 _a1184,720,104
942 _2ddc
_cBV
999 _c30239
_d30239